000 00894nam a2200217Ii 4500
003 JO-AjNU
008 230605s9999||||xx |||||||||||||| ||und||
017 _a20156
020 _a978-977-6759-38-1
040 _aJO-AjNU
_bara
_erda
_cJO-AjNU
041 _aara
050 1 4 _aPJ6121.N353.2020
100 3 _a النجار، نادية رمضان,
_eauthor
_961776
245 0 0 _aاصوات العربية بين التراث والمعاصرة
264 3 1 _aدبي،الاسكندرية: الريادة للنشر والتوزيع،مؤسسة حورس الدولية للنشر والتوزيع، 2020
300 _a141ص
_b ويحتوي على قائمة مراجع وببلوغرافيا من ص131-ص141
336 _atext
_btxt
_2rdacontent
337 _aunmediated
_bn
_2rdamedia
338 _avolume
_bnc
_2rdacarrier
650 4 _aاللغة العربية-علم الاصوات
_961777
999 _aA27941
_c31509
_d31509